Statistics for Plate Numbers of Turkey

Click here to take the quiz!

General Stats

  • This quiz has been taken 129 times
  • The average score is 48 of 81

Answer Stats

PlateProvince% Correct
01Adana
98%
06Ankara
87%
02Adıyaman
81%
34İstanbul
81%
07Antalya
79%
03Afyon
74%
04Ağrı
72%
09Aydın
72%
10Balıkesir
72%
81Düzce
72%
05Amasya
70%
08Artvin
70%
16Bursa
70%
31Hatay
70%
35İzmir
70%
17Çanakkale
66%
18Çankırı
66%
20Denizli
66%
21Diyarbakır
66%
61Trabzon
66%
12Bingöl
64%
13Bitlis
64%
19Çorum
64%
27Gaziantep
64%
42Konya
64%
33Mersin
64%
58Sivas
64%
15Burdur
62%
22Edirne
62%
28Giresun
62%
32Isparta
62%
80Osmaniye
62%
11Bilecik
60%
23Elazığ
60%
26Eskişehir
60%
66Yozgat
60%
67Zonguldak
60%
38Kayseri
58%
55Samsun
58%
63Şanlıurfa
58%
60Tokat
58%
68Aksaray
57%
24Erzincan
57%
25Erzurum
57%
29Gümüşhane
57%
30Hakkari
57%
36Kars
57%
37Kastamonu
57%
41Kocaeli
57%
72Batman
55%
14Bolu
55%
44Malatya
55%
77Yalova
55%
45Manisa
53%
50Nevşehir
53%
53Rize
53%
65Van
53%
46Kahramanmaraş
51%
39Kırklareli
51%
40Kırşehir
51%
43Kütahya
51%
51Niğde
51%
62Tunceli
51%
64Uşak
51%
69Bayburt
49%
52Ordu
49%
54Sakarya
49%
73Şırnak
49%
59Tekirdağ
49%
70Karaman
47%
79Kilis
47%
71Kırıkkale
47%
47Mardin
47%
48Muğla
47%
56Siirt
45%
74Bartın
43%
78Karabük
43%
49Muş
43%
57Sinop
43%
75Ardahan
42%
76Iğdır
38%

Score Distribution

Percentile by Number Answered

Percent of People with Each Score

Your Score History

You have not taken this quiz